|
|
|
|
| LEADER |
00000nam0a2200000 4500 |
| 001 |
684803 |
| 005 |
20260211163502.0 |
| 090 |
|
|
|a 684803
|
| 100 |
|
|
|a 20260211d1977 km|y0rusy50 ca
|
| 101 |
0 |
|
|a rus
|
| 102 |
|
|
|a UA
|
| 105 |
|
|
|a y z 001yy
|
| 181 |
|
0 |
|a i
|b e
|
| 182 |
|
0 |
|a n
|
| 183 |
|
0 |
|a nr
|2 RDAcarrier
|
| 200 |
1 |
|
|a Метод факторизаций в задачах гидроаэромеханики
|f Г. С. Липовой
|g Институт математики Академии наук Украинской ССР
|
| 203 |
|
|
|a Текст
|b визуальный
|c непосредственный
|
| 210 |
|
|
|a Киев
|c Наукова думка
|d 1977
|
| 215 |
|
|
|a 120 с.
|
| 283 |
|
|
|a volume
|2 RDAcarrier
|
| 320 |
|
|
|a Литература: с. 116-119
|
| 606 |
|
|
|a Аэрогидромеханика
|9 81391
|
| 610 |
1 |
|
|a физика
|
| 610 |
1 |
|
|a нестационарное движение
|
| 610 |
1 |
|
|a факторизация
|
| 610 |
1 |
|
|a гидромеханика
|
| 610 |
1 |
|
|a аэромеханика
|
| 610 |
1 |
|
|a интегральные преобразования
|
| 610 |
1 |
|
|a уравнения жидкости
|
| 610 |
1 |
|
|a движение
|
| 610 |
1 |
|
|a комплексные переменные
|
| 675 |
|
|
|a 532
|v 4
|
| 700 |
|
1 |
|a Липовой
|b Г. С.
|g Григорий Степанович
|
| 712 |
0 |
2 |
|a Академия наук Украинской ССР
|b Институт математики
|4 570
|9 25017
|
| 801 |
|
0 |
|a RU
|b 63413507
|c 20260211
|
| 830 |
|
|
|a Ретро2026Каталогизация Кузнецова
|
| 850 |
|
|
|a 63413507
|
| 942 |
|
|
|c BK
|